| 000 | 00697nam a22001937a 4500 | ||
|---|---|---|---|
| 999 |
_c165407 _d165407 |
||
| 005 | 20190617160106.0 | ||
| 010 | _aUR-10208 | ||
| 020 |
_c200.00 _a9789388105187 |
||
| 035 | _aU-8763 | ||
| 037 | _bDBAD/PUB | ||
| 082 | _a840.08 | ||
| 100 | _aشا ہين منصو ر | ||
| 245 |
_aکلا م حيد ر ی کا ا فسا نو ی ا بعا د _cشا ہين منصو ر |
||
| 246 |
_bKalam-e-Haidery ka Afsanwi Ebaad Urdu) _aby Shahin Mansoor |
||
| 260 |
_a Delhi _bEducational Publishing House _c2016 ء |
||
| 270 |
_a3191،Vakil Street,Kucha Pandit,Lal Kuan, _bDelhi _e110006 _k23216162 _l00911123211540 |
||
| 300 |
_a160 ص _c22 Cm(Hb) |
||
| 942 |
_2ddc _cUR _h840.08 _mش ا ہ |
||